Statistics for Flags of the US States #2

Click here to take the quiz!

General Stats

  • This quiz has been taken 795 times
  • The average score is 8 of 10

Answer Stats

Answer% Correct
HTML tutorial California
97%
HTML tutorial Texas
92%
HTML tutorial Washington
92%
HTML tutorial South Dakota
91%
HTML tutorial North Dakota
88%
HTML tutorial Florida
77%
HTML tutorial Alaska
74%
HTML tutorial Utah
69%
HTML tutorial Maine
67%
HTML tutorial Connecticut
43%

Score Distribution

Percentile by Number Answered

Percent of People with Each Score

Your Score History

You have not taken this quiz